[Event "corr"]
[Site "corr"]
[Date "2000.??.??"]
[Round "?"]
[White "Adamson, Garry"]
[Black "Krohalev, Sergey Fedorovich"]
[Result "1/2-1/2"]
[WhiteElo "2300"]
[BlackElo "2435"]
[PlyCount "36"]
[EventDate "2000.06.24"]
[EventType "match (corr)"]
[EventRounds "10"]
[SourceTitle "Corr 2002"]
[Source "ChessBase"]
[SourceDate "2002.05.23"]
[SourceVersion "1"]
[SourceVersionDate "2002.05.23"]
[SourceQuality "1"]

1. d4 Nf6 2. c4 c5 3. d5 b5 4. cxb5 a6 5. f3 e6 6. e4 exd5 7. e5 Qe7 8. Qe2 Ng8 9. Nc3 Bb7 10. Nh3 c4 11. Be3 axb5 12. Nf4 Qxe5 13. Nxb5 Na6 14. Bd4 Qxe2+ 15. Bxe2 Bc6 16. Nc3 Nb4 17. Kd2 Nf6 18. a3 Bd6 1/2-1/2

[Event "corr"]
[Site "corr"]
[Date "2000.??.??"]
[Round "?"]
[White "Krohalev, Sergey Fedorovich"]
[Black "Bojko, AI."]
[Result "1-0"]
[WhiteElo "2435"]
[BlackElo "2345"]
[PlyCount "85"]
[EventDate "2000.06.24"]
[EventType "match (corr)"]
[EventRounds "10"]
[SourceTitle "Corr 2002"]
[Source "ChessBase"]
[SourceDate "2002.05.23"]
[SourceVersion "1"]
[SourceVersionDate "2002.05.23"]
[SourceQuality "1"]

1. e4 Nf6 2. e5 Nd5 3. d4 d6 4. c4 Nb6 5. f4 dxe5 6. fxe5 Nc6 7. Be3 Bf5 8. Nc3 e6 9. Be2 Be7 10. Nf3 0-0 11. 0-0 f6 12. exf6 Bxf6 13. Qd2 Bg4 14. Rad1 Bxf3 15. Rxf3 e5 16. d5 Nd4 17. Rff1 c6 18. dxc6 bxc6 19. Ne4 Qe7 20. Bxd4 exd4 21. Nxf6+ Rxf6 22. Rxf6 gxf6 23. c5 Qxc5 24. Qxd4 Qxd4+ 25. Rxd4 c5 26. Rd6 Kf7 27. Bg4 c4 28. Rd4 Ke7 29. Bf5 h6 30. Re4+ Kd6 31. Re6+ Kd5 32. Rxf6 Ke5 33. Rf7 Nd5 34. Bg6 Rb8 35. Rf5+ Kd4 36. Bf7 Ne3 37. Rf2 Kc5 38. Rd2 Rf8 39. Rd7 Rb8 40. Kf2 Nxg2 41. Kxg2 Rxb2+ 42. Kg3 Rc2 43. Rxa7 1-0

[Event "corr"]
[Site "corr"]
[Date "2000.??.??"]
[Round "?"]
[White "Krohalev, Sergey Fedorovich"]
[Black "Mutter, Valentin Mi"]
[Result "1/2-1/2"]
[WhiteElo "2435"]
[BlackElo "2590"]
[PlyCount "27"]
[EventDate "2000.06.24"]
[EventType "match (corr)"]
[EventRounds "10"]
[SourceTitle "Corr 2002"]
[Source "ChessBase"]
[SourceDate "2002.05.23"]
[SourceVersion "1"]
[SourceVersionDate "2002.05.23"]
[SourceQuality "1"]

1. e4 c5 2. Nf3 a6 3. Nc3 e6 4. d4 cxd4 5. Nxd4 Qc7 6. Bd3 Nc6 7. Nxc6 dxc6 8. 0-0 b5 9. e5 Bb7 10. f4 Ne7 11. Be3 Nf5 12. Bf2 0-0-0 13. Qe2 Be7 14. a4 1/2-1/2

[Event "corr"]
[Site "corr"]
[Date "1999.??.??"]
[Round "?"]
[White "Krohalev, Sergey Fedorovich"]
[Black "Andreev, Nikolay Petrovich"]
[Result "1/2-1/2"]
[WhiteElo "2335"]
[BlackElo "2470"]
[PlyCount "48"]
[EventDate "1999.02.19"]
[EventType "match (corr)"]
[EventRounds "10"]
[SourceTitle "Corr 2002"]
[Source "ChessBase"]
[SourceDate "2002.05.23"]
[SourceVersion "1"]
[SourceVersionDate "2002.05.23"]
[SourceQuality "1"]

1. e4 c5 2. Nf3 Nc6 3. d4 cxd4 4. Nxd4 Nf6 5. Nc3 e5 6. Ndb5 d6 7. Bg5 a6 8. Na3 b5 9. Bxf6 gxf6 10. Nd5 Bg7 11. Bd3 Ne7 12. Nxe7 Qxe7 13. c3 f5 14. Nc2 Qb7 15. Qf3 0-0 16. Ne3 f4 17. Nd5 Be6 18. g4 Rfe8 19. Kf1 Rac8 20. g5 Bxd5 21. exd5 b4 22. Re1 bxc3 23. bxc3 Qb2 24. c4 Qd4 1/2-1/2

[Event "corr"]
[Site "corr"]
[Date "1999.??.??"]
[Round "?"]
[White "Krohalev, Sergey Fedorovich"]
[Black "Lagunov, Anatoly Viktorovich"]
[Result "1-0"]
[WhiteElo "2435"]
[BlackElo "2345"]
[PlyCount "61"]
[EventDate "1999.02.19"]
[EventType "match (corr)"]
[EventRounds "10"]
[SourceTitle "Corr 2002"]
[Source "ChessBase"]
[SourceDate "2002.05.23"]
[SourceVersion "1"]
[SourceVersionDate "2002.05.23"]
[SourceQuality "1"]

1. e4 e5 2. Nf3 Nf6 3. d4 Nxe4 4. Bd3 d5 5. Nxe5 Bd6 6. 0-0 0-0 7. c4 Bxe5 8. dxe5 Nc6 9. cxd5 Qxd5 10. Qc2 Nb4 11. Bxe4 Nxc2 12. Bxd5 Bf5 13. g4 Bxg4 14. Bf4 Nxa1 15. Be4 f5 16. Bd5+ Kh8 17. Rc1 c6 18. Bg2 Rfd8 19. Nd2 Rd4 20. Be3 Rb4 21. Rxa1 f4 22. Bc5 Rxb2 23. Nf3 b6 24. Bd6 Rc8 25. h3 Bh5 26. Nd4 Rd2 27. Ne6 Bf7 28. Nc7 Bxa2 29. Bxc6 a5 30. Bf3 Bb3 31. Rc1 1-0

[Event "corr"]
[Site "corr"]
[Date "1999.??.??"]
[Round "?"]
[White "Sokrustov, Igor"]
[Black "Krohalev, Sergey Fedorovich"]
[Result "1/2-1/2"]
[WhiteElo "2325"]
[BlackElo "2435"]
[PlyCount "72"]
[EventDate "1999.02.19"]
[EventType "match (corr)"]
[EventRounds "10"]
[SourceTitle "Corr 2002"]
[Source "ChessBase"]
[SourceDate "2002.05.23"]
[SourceVersion "1"]
[SourceVersionDate "2002.05.23"]
[SourceQuality "1"]

1. d4 Nf6 2. Nf3 c5 3. d5 b5 4. Bg5 d6 5. Bxf6 exf6 6. e4 a6 7. a4 b4 8. Bd3 g6 9. Nbd2 Bg7 10. Nc4 0-0 11. 0-0 Bb7 12. Nfd2 f5 13. f4 fxe4 14. Bxe4 f5 15. Bf3 Ra7 16. Re1 Bc8 17. a5 Re7 18. Nb3 Rxe1+ 19. Qxe1 Re8 20. Qd2 Qe7 21. Kf1 Bd7 22. Re1 Qf6 23. Rxe8+ Bxe8 24. Qe2 Bb5 25. Nbd2 Kf7 26. g3 Nd7 27. Kg2 Nf8 28. Qe3 Qd8 29. Be2 Bd4 30. Qf3 Qe7 31. Bd3 Nd7 32. h3 Kg8 33. Kf1 Nf6 34. Nb3 Ne4 35. Kg2 Qf6 36. Nbd2 Nxd2 1/2-1/2

[Event "corr"]
[Site "corr"]
[Date "1999.??.??"]
[Round "?"]
[White "Zlobinsky, Engfrid Iosifovich"]
[Black "Krohalev, Sergey Fedorovich"]
[Result "0-1"]
[WhiteElo "2330"]
[BlackElo "2435"]
[PlyCount "42"]
[EventDate "1999.02.19"]
[EventType "match (corr)"]
[EventRounds "10"]
[SourceTitle "Corr 2002"]
[Source "ChessBase"]
[SourceDate "2002.05.23"]
[SourceVersion "1"]
[SourceVersionDate "2002.05.23"]
[SourceQuality "1"]

1. e4 c5 2. Nf3 Nc6 3. d4 cxd4 4. Nxd4 Nf6 5. Nc3 e5 6. Ndb5 d6 7. Bg5 a6 8. Na3 b5 9. Bxf6 gxf6 10. Nd5 f5 11. Bd3 Be6 12. Qh5 Rg8 13. g3 Rg5 14. Qxh7 Nd4 15. 0-0-0 Rc8 16. Rhe1 Rg6 17. exf5 Rh6 18. Qg8 Bxd5 19. f4 Bxa2 20. b3 Qa5 21. Kb2 Bxb3 0-1